000 00374nam a2200133Ia 4500
008 220214s9999 xx 000 0 und d
245 0 _aNATURE BIOTECHNOLOGY
260 _bMacmillan Publishing, New York
_aUSA
310 _aM
500 _aEnding Volume & Year: 18, 2000
500 _aMissing Volume: 14(5);16(1)
500 _aStarting Volume & Year: 14, 1996
942 _cBJ
999 _c18493
_d18493